Statistics for All Ottawa Senators Players + Staff and Other Members Quiz

Click here to take the quiz!

General Stats

  • This quiz has been taken 63 times
    (25 since last reset)
  • The average score is 27 of 175

Answer Stats

Number/EmploymentFirst/MiddleLast% Correct
2DionPhaneuf
100%
16ClarkeMacArthur
85%
3MarcMethot
85%
6BobbyRyan
85%
41CraigAnderson
80%
5CodyCeci
80%
65ErikKarlsson
80%
7KyleTurris
80%
15ZackSmith
75%
61MarkStone
75%
19DerickBrassard
70%
44Jean-GabrielPageau
70%
30AndrewHammond
65%
27CurtisLazar
65%
25ChrisNeil
65%
74MarkBorowiecki
60%
68MikeHoffman
60%
22ChrisKelly
55%
Senior Advisor of Hockey OperationsDanielAlfredsson
50%
General ManagerBryanMurray
50%
Head CoachDaveCameron
45%
1st Assistant General ManagerPierreDorion
45%
1st Replacement Goalie: Number 32ChrisDriedger
45%
President of Hockey OperationsBryanMurray
45%
5th Replacement Skater: Number 43RyanDzingel
40%
Executive Vice-PresidentByanMurray
40%
1st Alternate GovernorBryanMurray
40%
45ChrisWideman
40%
2nd Replacement Skater: Number 14ColinGreening
35%
6th Replacement Skater: Number 89MaxMcCormick
35%
ChairmanEugeneMelnyk
35%
GovernorEugeneMelnyk
35%
OwnerEugeneMelnyk
35%
7th Replacement Skater: Number 49FredrikClaesson
30%
Ottawa Senators Alumni MemberSheanDonovan
30%
8th Replacement Skater: Number 13NickPaul
30%
Player Development CoachSheanDonovan
25%
2nd Assistant General ManagerRandyLee
25%
Game Recaper & Assistant InterviewerIanMendes
25%
1st Assistant CoachJasonSmith
25%
Prime Minister RacerSir RobertBorden
20%
Ottawa Senators Alumni PresidentLaurieBoschman
20%
MascotSpartaCat
20%
Prime Minister RacerWilliam Lyon MackenzieKing
20%
Prime Minister RacerSir WilfridLaurier
20%
PresidentCyrilLeeder
20%
2nd Alternate GovernorCyrilLeeder
20%
Prime Minister RacerSir John AlexanderMacdonald
20%
2nd Replacement Goalie: Number 29MattO'Connor
20%
PA AnnouncerStuSchwartz
20%
Goaltending CoachRickWamsley
20%
Team InterviewerGordWilson
20%
Chief European ScoutVaclavBurda
15%
Ottawa Senators Alumni MemberPatrickLalime
15%
5th Amateur ScoutTrentMann
15%
Butterfly KidJonathanPitre
15%
7th Amateur ScoutMikkoRuutu
15%
Anthem SingerLyndonSlewidge
15%
Ottawa Senators Alumni MemberToddWhite
15%
Multi-Task AssistantDeanBrown
10%
1st Team DoctorDonChow
10%
3rd Replacement Skater: Number 59DavidDziurzynski
10%
Ottawa Senators Foundation Board MemberCyrilLeeder
10%
Chief Amateur ScoutBobLowes
10%
Ottawa Senators Alumni MemberBradMarsh
10%
1st Replacement Skater: Number 26MattPuempel
10%
Ottawa Senators Alumni MemberLukeRichardson
10%
Ottawa Senators Alumni MemberJasonYork
10%
2nd Assistant Conditioning CoachJeremyBenoit
5%
Head Equipment ManagerJohnForget
5%
Team DentistBillHenry
5%
Director of People DepartmentSandiHorner
5%
Ottawa Senators Foundation Board MemberGoldyHyder
5%
4th Replacement Skater: Number 21MichaelKostka
5%
Ottawa Senators Alumni MemberJimKyte
5%
1st Assistant Conditioning CoachRobMouland
5%
Ottawa Senators Foundation Board MemberCaitlinNeil
5%
Assistant Athletic TherapistDomenicNicoletta
5%
Video CoachTimPattyson
5%
Ottawa Senators Foundation Chief Executive OfficerDanielleRobinson
5%
Ottawa Senators Foundation PresidentDanielleRobinson
5%
Conditioning CoachChrisSchwarz
5%
Director of Team ServicesJordanSilmser
5%
2nd Assistant CoachAndreTourigny
5%
Head Athletic TherapistGerryTownend
5%
Ottawa Senators Alumni MemberShaunVan Allen
5%
Manager of Hockey AdministrationAllisonVaughan
5%
1st Professional ScoutMichaelAbbamont
0%
Ottawa Senators Alumni MemberPeterAmbroziak
0%
Ottawa Senators Alumni MemberGerryArmstrong
0%
2nd Team DoctorMarkAubry
0%
Ottawa Senators Alumni MemberFredBarrett
0%
Ottawa Senators Alumni MemberJohnBarrett
0%
1st Amateur ScoutJimmyBlixt
0%
Senior Vice-President of SalesMarkBonneau
0%
Senior Vice-President of Corporate StratagiesMarkBonneau
0%
2nd Amateur ScoutDonBoyd
0%
Ottawa Senators Alumni MemberBradBrown
0%
Ottawa Senators Alumni MemberMikeBullard
0%
Ottawa Senators Alumni MemberTedBulley
0%
Ottawa Senators Foundation Board MemberGaryCameron
0%
Ottawa Senators Alumni MemberMarkCavallin
0%
Ottawa Senators Alumni MemberJohnChabot
0%
Ottawa Senators Foundation Board MemberKenCharbonneau
0%
Ottawa Senators Alumni MemberBobCharlebois
0%
Ottawa Senators Foundation Board MemberCaroleChouinard
0%
Chief Professional ScoutJimClark
0%
Ottawa Senators Alumni MemberChrisClifford
0%
Canadian Tire Centre Vice-PresidentTomConroy
0%
Canadian Tire Centre Executive DirectorTomConroy
0%
Assistant Equipment ManagerIanCox
0%
3rd Team DoctorTimCregan
0%
Ottawa Senators Foundation Board MemberBarbaraCrook
0%
Ottawa Senators Foundation Board MemberLeanneCusack
0%
Ottawa Senators Alumni MemberMikeDagenais
0%
OrganistGregDrover
0%
Ottawa Senators Alumni MemberMikeEastwood
0%
3rd Amateur ScoutGeorgeFargher
0%
Ottawa Senators Foundation Board MemberEmilyFarrell
0%
1st Equipment AssistantMikeFoley
0%
Ottawa Senators Alumni MemberCoreyFoster
0%
Ottawa Senators Alumni MemberDanFrawley
0%
Ottawa Senators Alumni MemberGarryGalley
0%
Ottawa Senators Alumni MemberBruceGardiner
0%
Ottawa Senators Alumni MemberSteveGuenette
0%
Ottawa Senators Foundation Board MemberCliffHammell
0%
Ottawa Senators Alumni MemberRollandHedges
0%
European ScoutBobJanecyk
0%
Ottawa Senators Alumni MemberKevinKemp
0%
Ottawa Senators Alumni MemberBillKitchen
0%
4th Amateur ScoutFrankKollar
0%
Ottawa Senators Alumni MemberMurrayKuntz
0%
Ottawa Senators Foundation Board MemberSharonMacLean
0%
Ottawa Senators Foundation Board MemberGrahamMacMillan
0%
Ottawa Senators Alumni MemberKentManderville
0%
DJAlexMarchand
0%
Massage TherapistShawnMarkwick
0%
Coordinator of Hockey OperationsSeanMcCauley
0%
Ottawa Senators Alumni MemberDanMcGillis
0%
Ottawa Senators Alumni MemberBryanMcSheffrey
0%
2nd Equipment AssistantAlexMenezes
0%
NCAA Recruiting CoordinatorLewisMongelluzzo
0%
Senior Director of CommunicationsBrianMorris
0%
Ottawa Senators Alumni MemberRobMurphy
0%
6th Amateur ScoutJustinMurray
0%
Ottawa Senators Alumni MemberFredO'Donnell
0%
Chief Marketing OfficerPeterO'Leary
0%
Vice-President of TicketingPeterO'Leary
0%
Tactical Agression ConsultantGuyOuellette
0%
Ottawa Senators Alumni MemberMarkPaterson
0%
Ottawa Senators Alumni MemberJeanPayette
0%
2nd Professional ScoutJohnPerpich
0%
Ottawa Senators Alumni MemberNoelPrice
0%
Vice-President of Strategic DevelopmentGeoffPublow
0%
Ottawa Senators Foundation Board MemberDavidRattray
0%
Ottawa Senators Alumni MemberBryanRichardson
0%
Ottawa Senators Alumni MemberShawnRivers
0%
Ottawa Senators Alumni MemberMoeRobinson
0%
Ottawa Senators Alumni MemberLarrySkinner
0%
Ottawa Senators Alumni MemberBillySmith
0%
Ottawa Senators Alumni MemberDougSmith
0%
Ottawa Senators Alumni MemberJasonSmith
0%
Senior Legal CounselRichardStacey
0%
Ottawa Senators Alumni MemberEdStaniowski
0%
Vice-President of Digital ContentJimSteel
0%
Vice-President of BroadcastingJimSteel
0%
Ottawa Senators Alumni MemberFrankSt. Marseille
0%
Chief Financial OfficerKenTaylor
0%
Ottawa Senators Alumni MemberRonTugnutt
0%
Ottawa Senators Alumni MemberChrisValentine
0%
Ottawa Senators Alumni MemberDennisVial
0%
Ottawa Senators Foundation Board MemberKenVillazor
0%
Senior Marketing DirectorMichaelWallace
0%
Ottawa Senators Alumni MemberSteveWashburn
0%
Ottawa Senators Foundation Board MemberGaryZed
0%

Score Distribution

Percentile by Number Answered

Percent of People with Each Score

Your Score History

You have not taken this quiz since the last reset